000 00264nam a2200109Ia 4500
008 221009s9999 xx 000 0 und d
082 _a823/MAJ
100 _aMajumdar, Gopa
245 0 _aIn The Same Boat
260 _bUbs Publishers Distributors Ltd.
942 _cBK
999 _c64819
_d64819